00632nam a2200157 a 450000100100000000500170001000800410002702000150006804000250008324501580010826000480026630000360031470000490035070000450039971000300044400004288520201002040455.0140212s2004 sp ac 000 0 spa d a8430941592 aDO-SdBNPbspacBNPHU04aLos Cronistas de la Constitución :bsus señorías los periodistas /ceditores Manuel Ángel Menéndez Gijón, Carmen Fernández López-Monís. aMadrid :bAsociación de la Prensa,c2004. a446 p. :bil., retrs. ;c24 cm.1 aMenéndez Gijón, Manuel Ángeleed.eed.1 aFernández López-Monís, Carmeneed.2 aAsociación de la Prensa